[Event "World Senior Teams +50"]
[Site "Hersonissos GRE"]
[Date "2017.04.25"]
[Round "2.4"]
[White "Hoehn,M"]
[Black "Movsziszian,K"]
[Result "0-1"]
[WhiteElo "2052"]
[BlackElo "2483"]

1.Nf3 g6 2.e4 Bg7 3.Bc4 d6 4.h4 Nf6 5.Nc3 O-O 6.d4 Bg4 7.Be3 Nbd7 8.Qd2 c5
9.dxc5 Nxc5 10.Bxc5 Bxf3 11.gxf3 dxc5 12.Qe3 Nh5 13.Rd1 Bd4 14.Qg5 e6 15.Ne2
Qa5+ 16.c3 Bf6 17.Qe3 Qc7 18.f4 Bg7 19.Qf3 a6 20.Rg1 b5 21.Bb3 Kh8 22.e5 c4
23.Bc2 Bh6 24.Rd6 Rad8 25.Rxa6 Rd7 26.Ra8 Rxa8 27.Qxa8+ Rd8 28.Qe4 Qd7 29.Qe3
Qe7 30.Rg4 f5 31.exf6 Nxf6 32.Qe5 Rd5 33.Qb8+ Kg7 34.Rg3 e5 35.f5 Rd2 36.fxg6
Rxc2 37.gxh7+ Kxh7 38.Qxb5 Qe6 39.Qb7+ Qd7 40.Qf3 Rxb2 41.Kf1 Qd1+ 42.Kg2 Qd5
{#R} 0-1

[Event "World Senior Teams +50"]
[Site "Hersonissos GRE"]
[Date "2017.04.25"]
[Round "2.4"]
[White "Kalantarian,No"]
[Black "Wolff,Pe"]
[Result "1-0"]
[WhiteElo "2383"]
[BlackElo "1963"]

1.d4 d5 2.Nf3 Nf6 3.c4 c6 4.Qc2 e6 5.Bg5 Be7 6.e3 O-O 7.Nbd2 Nbd7 8.Bd3 Re8
9.O-O Nf8 10.c5 a5 11.Rac1 Ng6 12.Bxg6 hxg6 13.Ne5 Nd7 14.Bxe7 Qxe7 15.f4 Kh7
16.Rf3 Rh8 17.Rh3+ Kg8 18.Rxh8+ Kxh8 19.Qxg6 Nxe5 20.Qh5+ Kg8 21.fxe5 Bd7
22.Rf1 g6 23.Qh6 Qf8 24.Qh4 Qd8 25.Qf4 Qe7 26.Nf3 Kg7 27.Ng5 Rf8 28.Qh4 Rh8
29.Rxf7+ Qxf7 30.Qxh8+ Kxh8 31.Nxf7+ Kg7 32.Nd6 a4 33.Kf2 Kh6 34.Ke2 {#r} 1-0

[Event "World Senior Teams +50"]
[Site "Hersonissos GRE"]
[Date "2017.04.25"]
[Round "2.6"]
[White "Plaskett,J"]
[Black "Becker,No"]
[Result "1-0"]
[WhiteElo "2458"]
[BlackElo "2106"]

1.e4 e6 2.d4 d5 3.Nd2 Nf6 4.Bd3 b6 5.Qe2 Be7 6.Ngf3 dxe4 7.Nxe4 Bb7 8.Neg5 Nd5
9.Bxh7 Bxg5 10.Bxg5 Qd6 11.Be4 Qb4+ 12.Qd2 Qxb2 13.O-O c6 14.Bxd5 cxd5 15.a4
{#r} 1-0

[Event "World Senior Teams +50"]
[Site "Hersonissos GRE"]
[Date "2017.04.25"]
[Round "2.6"]
[White "Thoele,Wolfgang"]
[Black "Burnett,J"]
[Result "0-1"]
[WhiteElo "2018"]
[BlackElo "2075"]

1.e4 e6 2.d4 d5 3.exd5 exd5 4.Bd3 Nc6 5.c3 Bd6 6.Nf3 Bg4 7.O-O Nge7 8.h3 Bh5
9.Be3 Qd7 10.Nbd2 O-O 11.Qc2 Bg6 12.Nh4 Bxd3 13.Qxd3 Rae8 14.f4 f6 15.f5 Bg3
16.Bf2 Bxh4 17.Bxh4 Nc8 18.Bg3 Nd8 19.Rae1 Nf7 20.Re6 Ng5 21.Rxe8 Rxe8 22.Re1
Rxe1+ 23.Bxe1 Nd6 24.g4 h5 25.Kg2 hxg4 26.hxg4 Qa4 27.Bg3 Qd1 28.Bxd6 cxd6
29.Qe3 Qxg4+ 30.Kh2 Ne4 31.Nxe4 dxe4 32.d5 Qxf5 33.Qxa7 Qxd5 34.Qb8+ Kh7
35.Qe8 Qf5 36.Qe7 Qf4+ 37.Kg2 e3 38.Qe8 Qf2+ 39.Kh3 Qf3+ 40.Kh2 e2 41.a4 Qf2+
42.Kh3 e1=Q {#R} 0-1